| 000 | 00473nam a2200181Ia 4500 | ||
|---|---|---|---|
| 001 | 25298 | ||
| 005 | 20260414151140.0 | ||
| 008 | 260414t2024||||xx |||||||||||||| ||spa|| | ||
| 041 | _aESP | ||
| 082 |
_a346.44 _bP27A |
||
| 100 |
_aPasco Arauco, Alan, _eAUT |
||
| 245 | 0 |
_aPrescripción adquisitiva de dominio : _bundamento, funciones y requisitos |
|
| 260 | _c2024 | ||
| 300 |
_a383 pƔginas : _c25 cm. |
||
| 650 | _aDER | ||
| 654 | _aCDE | ||
| 942 |
_cLIB _dJUS _fJUS _2ddc _n |
||
| 999 |
_c25298 _d25298 |
||